CLINICAL PHARMACOKINETICS AND PHARMACODYNAMICS (Record no. 33107)

MARC details
000 -LEADER
fixed length control field 00371nam a22001577a 4500
003 - CONTROL NUMBER IDENTIFIER
control field SGT
020 ## - INTERNATIONAL STANDARD BOOK NUMBER
International Standard Book Number 978-93-89335-804
082 ## - DEWEY DECIMAL CLASSIFICATION NUMBER
Classification number 615
Item number DER
100 ## - MAIN ENTRY--PERSONAL NAME
Personal name DERENDORF, HARTMUT
245 ## - TITLE STATEMENT
Title CLINICAL PHARMACOKINETICS AND PHARMACODYNAMICS
250 ## - EDITION STATEMENT
Edition statement 5TH
260 ## - PUBLICATION, DISTRIBUTION, ETC. (IMPRINT)
Place of publication, distribution, etc INDIA
Name of publisher, distributor, etc WOLTER KULWER
Year of Publication 2019
300 ## - PAGE DESCRIPTION
No. of Pages 939
650 ## - SUBJECT ADDED ENTRY--TOPICAL TERM
Topical term or geographic name as entry element PHARMACODYNAMICS
942 ## - ADDED ENTRY ELEMENTS (KOHA)
Source of classification or shelving scheme Dewey Decimal Classification
Koha item type Books
Holdings
Withdrawn status Lost status Source of classification or shelving scheme Damaged status Not for loan Collection code Home library Current library Shelving location Date acquired Vendor Name Cost, normal purchase price SGTU Bill Number Total Checkouts Full call number Accession No. (Barcode) Date last seen Bill Date Koha item type
    Dewey Decimal Classification   Not For Loan SCIENCE SGT Science & Social Sciences Library SGT Science & Social Sciences Library Reference Book 01/11/2025 ABC 1995.00 SGTU 21721   615 DER DP1604 01/11/2025 17/09/2025 Books